| 000 | 00570nam a22001937a 4500 | ||
|---|---|---|---|
| 003 | OSt | ||
| 005 | 20180116183019.0 | ||
| 008 | 151029b xxu||||| |||| 00| 0 eng d | ||
| 020 | _a9788131521984 | ||
| 040 | _c0 | ||
| 082 | _a658.7 RUD 2011 | ||
| 100 | _aRobert A. Rudzki | ||
| 245 |
_aNext Level Supply Management Excellence _bYour Straight to the Bottom line Roadmap _cRobert A. Rudzki |
||
| 260 |
_aIndia _bCengage learning _c2011 |
||
| 300 |
_a414 p. _bHB |
||
| 440 | _aNext Level Supply Management Excellence | ||
| 600 | _aRobert A. Rudzki | ||
| 942 |
_2ddc _cBK |
||
| 999 |
_c350508 _d350508 |
||